Modelling and Performance Assessment of the Invention Process in Slovak Small and Medium-Sized Enterprises

Na minha lista:
Detalhes bibliográficos
Autor principal: Szaryszová, Petra, 1984-
Formato: Capítulo de Livro
Idioma:inglês
Assuntos:
Tags: Adicionar Tag
Sem tags, seja o primeiro a adicionar uma tag!

MARC

LEADER 00000naa$a2200000$$$4500
001 0243693
005 20240502073939.8
041 0 |a eng 
044 |a SK 
245 1 0 |a Modelling and Performance Assessment of the Invention Process in Slovak Small and Medium-Sized Enterprises  |c Petra Szaryszová 
500 |a Abstrakt 
610 2 0 |a podnik malý 
610 2 0 |a podnik stredný 
610 2 0 |a vynálezy 
610 2 0 |a výkonnosť podniku 
610 2 0 |a výkonnosť inovačná 
100 1 |a Szaryszová, Petra, 1984-